| 000 | 00654cam a22002411 4500 | ||
|---|---|---|---|
| 001 | sa 67005760 | ||
| 003 | DLC | ||
| 005 | 20260227112400.0 | ||
| 008 | 940930m19611962ii ch 000 0 nepo | ||
| 010 | _asa 67005760 | ||
| 025 | _aPL480:N-72 | ||
| 035 | _a(OCoLC)31205842 | ||
| 040 |
_aDLC _cCU _dCU _dDLC |
||
| 050 | 0 | 0 |
_aPR2796.N42 _bO8 |
| 100 | 1 |
_aShakespeare, William, _d1564-1616. |
|
| 240 | 1 | 0 |
_aOthello. _lNepali |
| 245 | 1 | 0 | _aOthelo. |
| 260 | _c[1961/62] | ||
| 300 |
_a167 p. _bfacsim., ports. _c19 cm. |
||
| 500 | _aIn Nepali. | ||
| 650 | 0 |
_aOthello (Fictitious character) _vDrama. |
|
| 700 | 1 | _aRānā, Pushkara Śamśera Janġa Bahādura. | |
| 999 |
_c75429 _d75429 |
||